000 00625nam a2200217Ia 4500
005 20250508164255.0
008 008 250505s9999 xx 000 0 eng d
020 _a0-521-54731-8
037 _aTextBook
040 _aFEDL
_beng
_cFEDL
041 _aeng
_2eng
084 _a153.35, KAU/R
_qFEDL
100 _aKaufman James C Ed.
245 0 _aInternational handbook of creativity
260 _aNew York, USA
_bCambridge University Press
_c2006
300 _axii, 526p.
365 _aUSD
_b34.99
700 _a Sternberg Robert J Ed.
_9777809
942 _cTB
_h153.35, KAU/R
999 _c1388099
_d1388099